Deutsche Fußball-Nationalspieler 2024 - Statistiken

Allgemein
  • Dieses Quiz wurde 568 mal gespielt
    155 seit der letzten Aktualisierung
  • Das Durchschnittsergebnis liegt bei 23 aus 37
Antwortstatistiken
Hint Antwort % Korrekt
Tor Manuel Neuer
99%
Tor Marc-André ter Stegen
92%
Abwehr Joshua Kimmich
90%
Mittelfeld Florian Wirtz
87%
Angriff Niclas Füllkrug
87%
Tor Oliver Baumann
87%
Abwehr Antonio Rüdiger
86%
Mittelfeld Jamal Musiala
85%
Abwehr David Raum
84%
Mittelfeld Leroy Sané
82%
Abwehr Nico Schlotterbeck
80%
Angriff Kai Havertz
77%
Mittelfeld Thomas Müller
77%
Abwehr Jonathan Tah
76%
Tor Alexander Nübel
75%
Mittelfeld Toni Kroos
72%
Mittelfeld Serge Gnabry
70%
Abwehr Maximilian Mittelstädt
69%
Angriff Deniz Undav
66%
Mittelfeld Robert Andrich
61%
Angriff Tim Kleindienst
61%
Mittelfeld Emre Can
60%
Mittelfeld Pascal Groß
60%
Mittelfeld Ilkay Gündoğan
56%
Abwehr Benjamin Henrichs
55%
Mittelfeld Chris Führich
55%
Abwehr Waldemar Anton
53%
Mittelfeld Aleksandar Pavlović
51%
Mittelfeld Angelo Stiller
49%
Mittelfeld Julian Brandt
48%
Abwehr Robin Koch
46%
Angriff Maximilian Beier
40%
Abwehr Robin Gosens
32%
Mittelfeld Jamie Leweling
30%
Mittelfeld Felix Nmecha
22%
Angriff Jonathan Burkardt
17%
Mittelfeld Kevin Schade
11%
Keine übereinstimmenden Quizze gefunden
Verteilung der Resultate
Anzahl Personen mit jedem Resultat
Perzentil nach korrekt beantworteten Fragen
Ihre Resultats-Entwicklung
Sie haben dieses Quiz seit der letzten Aktualisierung nicht gespielt